Социальная политика в сфере образования

מידע ביבליוגרפי
מחבר ראשי: Мухудадаев М. О. Магомед Османович
מחבר תאגידי: Санкт-Петербургский государственный университет (СПбГУ)
סיכום:Цель настоящего издания — дать обоснование образованию как дифференцированному направлению социальной политики. В книге анализируется взаимодействие социального и политического в образовании, раскрывается значение, роль и место образования в социальной политике, выявляется структура социальной политики в этой сфере, рассматриваются ее механизм артикуляции и методы. Книга адресована политологам, социологам, антропологам и философам, всем интересующимся проблемами социальной политики и образования.
שפה:רוסית
יצא לאור: СПб., Изд-во СПбГУ, 2008
נושאים:
פורמט: ספר
KOHA link:https://koha.lib.tpu.ru/cgi-bin/koha/opac-detail.pl?biblionumber=152753

MARC

LEADER 00000nam0a2200000 4500
001 152753
005 20231101221637.0
010 |a 9785288043826 
021 |a RU  |b 08-74217  |9 08-4266 
035 |a (RuTPU)RU\TPU\book\165616 
090 |a 152753 
100 |a 20081119d2008 km y0rusy5002 ca 
101 0 |a rus 
102 |a RU 
105 |a y z 001zy 
200 1 |a Социальная политика в сфере образования  |f М. О. Мухудадаев  |g Санкт-Петербургский государственный университет (СПбГУ) 
210 |a СПб.  |c Изд-во СПбГУ  |d 2008 
215 |a 273 с. 
320 |a Библиогр.: с. 249-271. 
330 |a Цель настоящего издания — дать обоснование образованию как дифференцированному направлению социальной политики. В книге анализируется взаимодействие социального и политического в образовании, раскрывается значение, роль и место образования в социальной политике, выявляется структура социальной политики в этой сфере, рассматриваются ее механизм артикуляции и методы. Книга адресована политологам, социологам, антропологам и философам, всем интересующимся проблемами социальной политики и образования. 
606 1 |a Образование  |x Социология  |2 stltpush  |3 (RuTPU)RU\TPU\subj\37750  |9 58581 
606 1 |a Народное образование  |x Организация  |y  СССР  |y Россия  |2 stltpush  |3 (RuTPU)RU\TPU\subj\44880 
610 1 |a образование 
610 1 |a социальная политика 
610 1 |a структура 
610 1 |a управление 
610 1 |a Россия 
610 1 |a модернизация 
610 1 |a национальные проекты 
686 |a Ч34(2)  |v LBC/SL-A  |2 rubbk 
686 |a С55.55  |v LBC/SL-A  |2 rubbk 
700 1 |a Мухудадаев  |b М. О.  |g Магомед Османович  |4 070 
712 0 2 |a Санкт-Петербургский государственный университет (СПбГУ)  |c (1991- )  |2 stltpush  |3 (RuTPU)RU\TPU\col\62 
801 1 |a RU  |b 63413507  |c 20090204  |g PSBO 
801 2 |a RU  |b 63413507  |c 20150818  |g PSBO 
900 |a Социальная политика 
942 |c BK 
959 |a 18/20090203  |d 2  |e 210,00  |f АНЛ:1  |f ЧЗГЛ:1